000 00723nam a22002291 4500
005 20260322212049.0
008 data
010 _a 62021606
040 _aDLC
_cDLC
_dDLC
050 0 0 _aPZ8.3.M85
_bBar
082 0 0 _a398.8
092 _a398.8 B32 1962
130 _aMother Goose.
245 1 4 _aThe annotated Mother Goose, nursery rhymes old and new, arr. and explained by William S. Baring-Gould & Ceil Baring-Gould.
_cWilliam Stuart Baring-Gould & Ceil Baring-Gould.
250 _a[1st ed.]
260 _aNew York,
_bC. N. Potter
_c[c1962]
300 _a350 p.
_billus.
_c28 cm.
504 _aBibliography: p. 333-340.
700 1 _aBaring-Gould, William Stuart,
_d1913-
700 1 _aBaring-Gould, Ceil.
001 data
999 _c1164
_d1164